00310nam a2200133Ia 4500003000400000005001700004008004100021020001900062040002700081100001400108245003700122260000800159260000900167OSt20240217142938.0170524s9999 xx 000 0 und d a 9789332560116 cIIMT UNIVERSITY MEERUT aDekker AZ 0aelectrical Engineering Materials bPHI c2007